[Event "106th British-ch Major 2019"]
[Site "Torquay"]
[Date "2019.08.04"]
[Round "9.1"]
[White "Clarke, Brandon Gi"]
[Black "Balaji, Aaravamudhan"]
[Result "1-0"]
[WhiteElo "2433"]
[BlackElo "2034"]
[Annotator "NA"]
[PlyCount "105"]
[EventDate "2019.07.27"]
[EventType "swiss"]
[EventCountry "GBR"]
[SourceTitle "playchess.com"]
[Source "ChessBase"]
[SourceQuality "1"]
[TimeControl "40/5400+30:1800+30"]

1. d4 {[%emt 0:00:04]} g6 {[%emt 0:00:00]} 2. e4 {[%emt 0:00:13]} Bg7 {[%emt 0:00:00]} 3. Nc3 {[%emt 0:12:26]} d5 {[%emt 0:00:00]} 4. exd5 {[%emt 0:10:28]} Nf6 {[%emt 0:00:02]} 5. Bc4 {[%emt 0:05:39]} Nbd7 {[%emt 0:00:02]} 6. Nf3 {[%emt 0:02:19]} Nb6 {[%emt 0:00:35] B06: Modern Defence} 7. Bb3 {[%emt 0:02:57]} Nbxd5 {[%emt 0:00:43]} (7... O-O 8. O-O a5 9. a4 Nbxd5 10. Nxd5 Nxd5 11. h3 c6 12. Re1 Be6 13. Ng5 Bf5 14. c3 {½-½ (60) Fedorchuk,S (2604)-Chatalbashev,B (2546) Ferreira do Alentejo 2018}) 8. Ne2 {[%emt 0:02:19]} a5 {[%emt 0:04:45]} 9. a3 {[%emt 0:01:51]} a4 {[%emt 0:06:23]} 10. Ba2 {[%emt 0:00:09]} O-O {[%emt 0:01:50]} 11. O-O {[%emt 0:00:25]} b5 {[%emt 0:04:37]} 12. Re1 $146 {[%emt 0:02:32]} ({Predecessor:} 12. Bg5 Ne4 13. Bh4 Bb7 14. Re1 {1-0 (42) Mueller,M (2192)-Hille,R (2181) Germany 2006}) 12... Bb7 {[%emt 0:04:04]} 13. Nf4 {[%emt 0:09:25]} Qd6 {[%emt 0:07:11]} 14. Nd3 {[%emt 0:01:09]} Nd7 {[%emt 0:01:17]} 15. Bg5 {[%emt 0:09:46]} Rfe8 {[%emt 0:09:14]} 16. c3 {[%emt 0:14:48]} c5 {[%emt 0:06:48]} 17. dxc5 {[%emt 0:07:32]} Nxc5 {[%emt 0:00:15]} 18. Nxc5 {[%emt 0:03:54]} Qxc5 {[%emt 0:00:01]} 19. Bxd5 {[%emt 0:03:39]} Bxd5 {[%emt 0:09:53]} 20. Rxe7 {[%emt 0:02:35]} Red8 {[%emt 0:05:10]} 21. Qe2 {[%emt 0:00:02]} h6 {[%emt 0:10:18]} 22. Bh4 {[%emt 0:01:33]} g5 {[%emt 0:01:01]} 23. Bg3 {[%emt 0:00:11]} Bxf3 $14 {[%emt 0:09:02]} (23... Bc4 $11 24. Qe3 Qxe3 25. Rxe3 g4) 24. gxf3 {[%emt 0:00:02]} Qf5 {[%emt 0:02:42]} 25. Kg2 {[%emt 0:01:09]} h5 {[%emt 0:00:52]} 26. h3 {[%emt 0:00:04]} h4 {[%emt 0:01:29]} 27. Bh2 {[%emt 0:00:01]} Rd3 {[%emt 0:01:00]} 28. Re1 {[%emt 0:01:05]} Bf6 {[%emt 0:00:53]} 29. Qe4 {[%emt 0:00:52]} Qxe4 {[%emt 0:00:59]} 30. R7xe4 {[%emt 0:00:02]} Rad8 {[%emt 0:01:19]} 31. R1e2 {[%emt 0:00:11]} R8d5 {[%emt 0:00:57]} 32. f4 {[%emt 0:01:42]} g4 {[%emt 0:01:46]} 33. hxg4 {[%emt 0:00:36]} h3+ {[%emt 0:00:03]} 34. Kf1 {[%emt 0:00:02]} Bh4 {[%emt 0:04:57]} 35. f5 {[%emt 0:03:30]} Rf3 {[%emt 0:01:43]} 36. Rc2 {[%emt 0:01:04]} Rfd3 {[%emt 0:01:23]} 37. Ke2 {[%emt 0:01:06]} Bg5 {[%emt 0:01:49]} 38. f4 {[%emt 0:01:06]} Bh4 {[%emt 0:01:38]} 39. Re3 {[%emt 0:00:20]} Rxe3+ {[%emt 0:01:29]} 40. Kxe3 {[%emt 0:00:01]} Rd1 {[%emt 0:00:55]} 41. g5 {[%emt 0:02:48]} Rd5 {[%emt 0:01:36]} 42. Kf3 {[%emt 0:02:02]} Be1 {[%emt 0:00:38]} 43. Re2 {[%emt 0:05:56]} Rd1 {[%emt 0:03:24]} 44. f6 {[%emt 0:03:20]} Bd2 {[%emt 0:01:38]} 45. Kg4 {[%emt 0:05:04]} Bc1 {[%emt 0:00:48]} 46. f5 {[%emt 0:01:01]} Rd2 {[%emt 0:01:04]} 47. Re8+ {[%emt 0:01:42]} Kh7 {[%emt 0:00:01]} 48. g6+ {[%emt 0:00:56]} fxg6 {[%emt 0:00:12]} 49. Re7+ {[%emt 0:00:00]} Kg8 {[%emt 0:00:39]} 50. fxg6 {[%emt 0:00:21]} Rg2+ {[%emt 0:01:00]} 51. Bg3 {[%emt 0:00:02]} Bh6 {[%emt 0:00:37]} 52. Re8+ {[%emt 0:00:38]} Bf8 {[%emt 0:00:02]} 53. Kxh3 {[%emt 0:00:31]} 1-0

[Event "106th British-ch Major 2019"]
[Site "Torquay"]
[Date "2019.08.04"]
[Round "9.2"]
[White "Taylor, Adam A"]
[Black "Turner, Max N"]
[Result "1/2-1/2"]
[WhiteElo "2168"]
[BlackElo "2026"]
[Annotator "NA"]
[PlyCount "84"]
[EventDate "2019.07.27"]
[EventType "swiss"]
[EventCountry "GBR"]
[SourceTitle "playchess.com"]
[Source "ChessBase"]
[SourceQuality "1"]
[TimeControl "40/5400+30:1800+30"]

1. Nf3 {[%emt 0:03:28]} d5 {[%emt 0:00:00]} 2. c4 {[%emt 0:00:09]} c6 {[%emt 0:00:00]} 3. g3 {[%emt 0:00:12]} Nf6 {[%emt 0:00:00]} 4. Bg2 {[%emt 0:00:06]} Bf5 {[%emt 0:00:53]} 5. cxd5 {[%emt 0:04:00]} cxd5 {[%emt 0:00:06]} 6. d3 {[%emt 0:00:51]} Nc6 {[%emt 0:01:01]} 7. Bf4 {[%emt 0:02:37]} Qb6 {[%emt 0:05:31]} 8. Qd2 {[%emt 0:18:15]} e5 {[%emt 0:07:39]} 9. Nxe5 {[%emt 0:00:03]} Bb4 {[%emt 0:00:22]} 10. Nc3 {[%emt 0:00:03]} d4 {[%emt 0:00:38]} 11. Nxc6 {[%emt 0:00:44]} bxc6 {[%emt 0:01:10]} 12. O-O {[%emt 0:00:06]} dxc3 {[%emt 0:02:11]} 13. bxc3 {[%emt 0:00:03]} Be7 {[%emt 0:02:11]} 14. Rab1 {[%emt 0:00:09]} Qa6 {[%emt 0:00:38]} 15. e4 {[%emt 0:02:04]} Be6 {[%emt 0:04:16]} 16. Be5 {[%emt 0:03:33]} O-O {[%emt 0:02:10]} 17. f4 {[%emt 0:02:18]} Rfd8 {[%emt 0:31:42]} 18. d4 {[%emt 0:03:39]} Bc4 {[%emt 0:04:44]} 19. Bxf6 {[%emt 0:00:24]} Bxf6 {[%emt 0:00:19]} 20. Rf2 {[%emt 0:00:02]} Rab8 {[%emt 0:02:17]} 21. Re1 {[%emt 0:00:04]} h6 {[%emt 0:00:59]} 22. e5 {[%emt 0:01:01]} Be7 {[%emt 0:00:10]} 23. f5 {[%emt 0:00:10]} Bg5 {[%emt 0:07:40]} 24. Qd1 {[%emt 0:00:54]} Bxa2 {[%emt 0:00:34]} 25. Bf1 {[%emt 0:01:22]} Bc4 {[%emt 0:02:03]} 26. h4 {[%emt 0:00:05]} Be7 {[%emt 0:01:29]} 27. f6 {[%emt 0:00:21]} Bf8 {[%emt 0:01:00]} 28. e6 {[%emt 0:00:04]} fxe6 {[%emt 0:01:09]} 29. f7+ {[%emt 0:00:09]} Kh8 {[%emt 0:00:09]} 30. Rxe6 {[%emt 0:00:10]} Bxf1 {[%emt 0:01:21]} 31. Qg4 {[%emt 0:00:41]} Rd6 {[%emt 0:00:18]} 32. Rff6 {[%emt 0:06:39]} Rxe6 {[%emt 0:01:36]} 33. Rxe6 {[%emt 0:00:14]} g5 {[%emt 0:01:30]} 34. Qh5 {[%emt 0:06:39]} Bd3 {[%emt 0:13:20]} 35. Rxh6+ {[%emt 0:00:22]} Kg7 {[%emt 0:00:11]} 36. Qxg5+ {[%emt 0:05:30]} Kxf7 {[%emt 0:00:09]} 37. Rf6+ {[%emt 0:18:43]} Ke8 {[%emt 0:01:03]} 38. Qe5+ {[%emt 0:10:47]} Be7 {[%emt 0:03:24]} 39. Qxb8+ {[%emt 0:00:16]} Kd7 {[%emt 0:00:06]} 40. Rf2 {[%emt 0:01:49]} Be4 {[%emt 0:02:00]} 41. Kh2 {[%emt 0:34:00]} Bd5 {[%emt 0:31:20]} 42. Rb2 {[%emt 0:06:01]} c5 {[%emt 0:00:00]} 1/2-1/2

[Event "106th British-ch Major 2019"]
[Site "Torquay"]
[Date "2019.08.04"]
[Round "9.6"]
[White "Payne, Matthew J"]
[Black "Lentzos, Ioannis"]
[Result "1/2-1/2"]
[WhiteElo "2168"]
[BlackElo "2043"]
[Annotator "NA"]
[PlyCount "38"]
[EventDate "2019.07.27"]
[EventType "swiss"]
[EventCountry "GBR"]
[SourceTitle "playchess.com"]
[Source "ChessBase"]
[SourceQuality "1"]
[TimeControl "40/5400+30:1800+30"]

1. e4 {[%emt 0:00:00]} c5 {[%emt 0:00:00]} 2. Nc3 {[%emt 0:00:00]} e6 {[%emt 0:00:00]} 3. f4 {[%emt 0:00:00]} d5 {[%emt 0:00:00]} 4. Nf3 {[%emt 0:00:01]} dxe4 {[%emt 0:00:09]} 5. Nxe4 {[%emt 0:00:08]} Nc6 {[%emt 0:00:55]} 6. g3 {[%emt 0:02:13]} Nh6 {[%emt 0:00:28]} 7. Bg2 {[%emt 0:05:14]} Be7 {[%emt 0:00:52]} 8. O-O {[%emt 0:04:13]} O-O {[%emt 0:01:19]} 9. c3 {[%emt 0:05:01]} Ng4 {[%emt 0:06:59]} 10. h3 {[%emt 0:07:47]} Nf6 {[%emt 0:01:12]} 11. Ne5 {[%emt 0:00:09]} Nxe5 {[%emt 0:07:43]} 12. fxe5 {[%emt 0:00:11]} Nxe4 {[%emt 0:00:06]} 13. Bxe4 {[%emt 0:00:04]} Qc7 {[%emt 0:00:14]} 14. d4 {[%emt 0:01:24]} f5 {[%emt 0:27:23]} 15. Bg2 {[%emt 0:01:43]} Rd8 {[%emt 0:00:59]} 16. d5 {[%emt 0:09:05]} exd5 {[%emt 0:01:44]} 17. Bxd5+ {[%emt 0:00:11]} Kh8 {[%emt 0:00:12]} 18. Re1 {[%emt 0:01:35]} c4 {[%emt 0:03:41]} 19. Be3 {[%emt 0:02:24]} Qa5 {[%emt 0:16:34]} 1/2-1/2

[Event "106th British-ch Major 2019"]
[Site "Torquay"]
[Date "2019.08.04"]
[Round "9.7"]
[White "Pollack, Oscar"]
[Black "Akeya-Price, Robert A"]
[Result "1-0"]
[WhiteElo "2088"]
[BlackElo "1974"]
[Annotator "NA"]
[PlyCount "125"]
[EventDate "2019.07.27"]
[EventType "swiss"]
[EventCountry "GBR"]
[SourceTitle "playchess.com"]
[Source "ChessBase"]
[SourceQuality "1"]
[TimeControl "40/5400+30:1800+30"]

1. e4 {[%emt 0:00:00]} c6 {[%emt 0:00:00]} 2. d4 {[%emt 0:00:00]} d5 {[%emt 0:00:00]} 3. Nc3 {[%emt 0:00:00]} dxe4 {[%emt 0:00:00]} 4. Nxe4 {[%emt 0:00:00]} Nf6 {[%emt 0:00:00]} 5. Nxf6+ {[%emt 0:00:00]} exf6 {[%emt 0:00:01]} 6. c3 {[%emt 0:00:18]} Bf5 {[%emt 0:01:00]} 7. Ne2 {[%emt 0:02:03]} Bd6 {[%emt 0:02:40]} 8. g3 {[%emt 0:01:18]} Qe7 {[%emt 0:03:37]} 9. Bg2 {[%emt 0:00:40]} Be4 {[%emt 0:08:55]} 10. f3 {[%emt 0:01:48]} Bd5 {[%emt 0:01:32]} 11. O-O {[%emt 0:00:19]} O-O {[%emt 0:00:30]} 12. Bf4 {[%emt 0:05:41]} Nd7 {[%emt 0:08:25]} 13. Bxd6 {[%emt 0:05:59]} Qxd6 {[%emt 0:00:03]} 14. b3 {[%emt 0:00:11]} b5 {[%emt 0:04:22]} 15. Nf4 {[%emt 0:03:22]} Rfe8 {[%emt 0:05:11]} 16. Qd3 {[%emt 0:04:29]} Nb6 {[%emt 0:02:19]} 17. Rae1 {[%emt 0:05:38]} Re7 {[%emt 0:04:39]} 18. Nxd5 {[%emt 0:06:10]} Nxd5 {[%emt 0:00:17]} 19. Re4 {[%emt 0:00:38]} f5 {[%emt 0:05:52]} 20. Rxe7 {[%emt 0:01:27]} Qxe7 {[%emt 0:01:45]} 21. Kf2 {[%emt 0:01:45]} Re8 {[%emt 0:02:40]} 22. f4 {[%emt 0:03:52]} Qe6 {[%emt 0:03:44]} 23. Bxd5 {[%emt 0:04:44]} Qxd5 {[%emt 0:03:42]} 24. c4 {[%emt 0:01:38]} bxc4 {[%emt 0:05:10]} 25. bxc4 {[%emt 0:00:06]} Qe4 {[%emt 0:00:29]} 26. Qxe4 {[%emt 0:00:53]} Rxe4 {[%emt 0:00:18]} 27. Rd1 {[%emt 0:00:10]} Kf8 {[%emt 0:00:37]} 28. Kf3 {[%emt 0:00:54]} Ke7 {[%emt 0:05:29]} 29. g4 {[%emt 0:00:20]} g6 {[%emt 0:03:53]} 30. gxf5 {[%emt 0:02:01]} gxf5 {[%emt 0:00:10]} 31. Rd3 {[%emt 0:04:00]} Kd6 {[%emt 0:01:54]} 32. h4 {[%emt 0:00:46]} h5 {[%emt 0:01:55]} 33. Rd2 {[%emt 0:02:56]} f6 {[%emt 0:01:13]} 34. Rd3 {[%emt 0:00:49]} Kd7 {[%emt 0:02:36]} 35. Ra3 {[%emt 0:01:27]} Rxd4 {[%emt 0:01:16]} 36. Rxa7+ {[%emt 0:00:01]} Kd6 {[%emt 0:00:52]} 37. c5+ {[%emt 0:04:00]} Kxc5 {[%emt 0:03:37]} 38. Ra5+ {[%emt 0:00:09]} Kd6 {[%emt 0:00:24]} 39. Rxf5 {[%emt 0:00:08]} Ke6 {[%emt 0:00:26]} 40. Rxh5 {[%emt 0:00:43]} Ra4 {[%emt 0:00:28]} 41. Rc5 {[%emt 0:31:07]} Rxa2 {[%emt 0:32:07]} 42. Rxc6+ {[%emt 0:00:05]} Kf5 {[%emt 0:00:51]} 43. Rc5+ {[%emt 0:00:24]} Kg6 {[%emt 0:01:00]} 44. h5+ {[%emt 0:01:09]} Kh6 {[%emt 0:00:43]} 45. Kg4 {[%emt 0:00:48]} Ra6 {[%emt 0:01:04]} 46. Rc8 {[%emt 0:05:31]} Rb6 {[%emt 0:05:44]} 47. Rg8 {[%emt 0:02:02]} Kh7 {[%emt 0:03:48]} 48. Rg6 {[%emt 0:00:43]} Ra6 {[%emt 0:01:28]} 49. Kf5 {[%emt 0:02:32]} Ra5+ {[%emt 0:00:37]} 50. Kxf6 {[%emt 0:00:24]} Rxh5 {[%emt 0:00:09]} 51. f5 {[%emt 0:00:40]} Rh1 {[%emt 0:01:41]} 52. Kf7 {[%emt 0:00:30]} Rf1 {[%emt 0:01:54]} 53. Kf6 {[%emt 0:04:52]} Rf2 {[%emt 0:00:00]} 54. Rg7+ {[%emt 0:00:00]} Kh8 {[%emt 0:00:00]} 55. Re7 {[%emt 0:00:00]} Rf1 {[%emt 0:00:00]} 56. Kg6 {[%emt 0:00:00]} Rg1+ {[%emt 0:00:00]} 57. Kf7 {[%emt 0:00:00]} Ra1 {[%emt 0:00:00]} 58. f6 {[%emt 0:00:00]} Rb1 {[%emt 0:00:00]} 59. Re2 {[%emt 0:00:00]} Rh1 {[%emt 0:00:00]} 60. Ke8 {[%emt 0:00:00]} Rh6 {[%emt 0:00:00]} 61. f7 {[%emt 0:00:00]} Kh7 {[%emt 0:00:00]} 62. Re7 {[%emt 0:00:00]} Kg6 {[%emt 0:00:00]} 63. f8=Q {[%emt 0:00:00]} 1-0

[Event "106th British-ch Major 2019"]
[Site "Torquay"]
[Date "2019.08.04"]
[Round "9.8"]
[White "Hagesaether, Arne"]
[Black "Ashworth, Michael J"]
[Result "0-1"]
[WhiteElo "2046"]
[BlackElo "1957"]
[Annotator "NA"]
[PlyCount "96"]
[EventDate "2019.07.27"]
[EventType "swiss"]
[EventCountry "GBR"]
[SourceTitle "playchess.com"]
[Source "ChessBase"]
[SourceQuality "1"]
[TimeControl "40/5400+30:1800+30"]

1. c4 {[%emt 0:00:00]} g6 {[%emt 0:00:00]} 2. Nf3 {[%emt 0:00:02]} Bg7 {[%emt 0:00:00]} 3. Nc3 {[%emt 0:00:16]} d6 {[%emt 0:02:25]} 4. g3 {[%emt 0:01:46]} e5 {[%emt 0:03:50]} 5. Bg2 {[%emt 0:00:54]} Nc6 {[%emt 0:01:06]} 6. d3 {[%emt 0:03:21]} f5 {[%emt 0:05:28]} 7. Bg5 {[%emt 0:05:47]} Nf6 {[%emt 0:04:57]} 8. O-O {[%emt 0:05:57]} h6 {[%emt 0:05:47]} 9. Bd2 {[%emt 0:00:18]} O-O {[%emt 0:00:31]} 10. Rb1 {[%emt 0:00:34]} Be6 {[%emt 0:05:11]} 11. b4 {[%emt 0:02:15]} Qe8 {[%emt 0:07:05]} 12. b5 {[%emt 0:08:23]} Ne7 {[%emt 0:00:53]} 13. Qa4 {[%emt 0:02:04]} g5 {[%emt 0:10:29]} 14. c5 {[%emt 0:04:35]} f4 {[%emt 0:04:55]} 15. cxd6 {[%emt 0:07:21]} cxd6 {[%emt 0:00:08]} 16. Rfc1 {[%emt 0:00:44]} Qh5 {[%emt 0:03:09]} 17. Ne4 {[%emt 0:02:46]} Nf5 {[%emt 0:05:35]} 18. Bb4 {[%emt 0:06:32]} g4 {[%emt 0:08:32]} 19. Nfd2 {[%emt 0:06:05]} Nd4 {[%emt 0:13:52]} 20. Qd1 {[%emt 0:08:00]} Nxe4 {[%emt 0:04:15]} 21. dxe4 {[%emt 0:02:17]} f3 {[%emt 0:03:11]} 22. Bf1 {[%emt 0:01:20]} fxe2 {[%emt 0:01:48]} 23. Bxe2 {[%emt 0:00:10]} Rxf2 {[%emt 0:00:33]} 24. Kxf2 {[%emt 0:01:14]} Qxh2+ {[%emt 0:00:03]} 25. Ke3 {[%emt 0:00:23]} Qxg3+ {[%emt 0:00:31]} 26. Bf3 {[%emt 0:00:56]} gxf3 {[%emt 0:01:45]} 27. Qg1 {[%emt 0:00:20]} Qf4+ {[%emt 0:01:01]} 28. Kd3 {[%emt 0:02:29]} Ne2 {[%emt 0:00:59]} 29. Qe3 {[%emt 0:02:20]} Qxe3+ {[%emt 0:02:14]} 30. Kxe3 {[%emt 0:00:09]} Bxa2 {[%emt 0:01:15]} 31. Bxd6 {[%emt 0:02:14]} Nxc1 {[%emt 0:01:24]} 32. Rxc1 {[%emt 0:00:22]} h5 {[%emt 0:01:55]} 33. Rg1 {[%emt 0:01:34]} f2 {[%emt 0:01:03]} 34. Kxf2 {[%emt 0:01:49]} Rd8 {[%emt 0:00:12]} 35. Bb4 {[%emt 0:00:59]} Rd4 {[%emt 0:00:32]} 36. Bc3 {[%emt 0:00:59]} Rd3 {[%emt 0:00:05]} 37. Bb4 {[%emt 0:01:27]} Be6 {[%emt 0:00:38]} 38. Ra1 {[%emt 0:02:11]} h4 {[%emt 0:01:01]} 39. Rxa7 {[%emt 0:00:42]} Rd7 {[%emt 0:00:18]} 40. Ra8+ {[%emt 0:01:45]} Kh7 {[%emt 0:00:35]} 41. Nf3 {[%emt 0:31:52]} Rf7 {[%emt 0:07:17]} 42. Kg2 {[%emt 0:00:00]} h3+ {[%emt 0:01:15]} 43. Kg3 {[%emt 0:00:00]} Bh6 {[%emt 0:00:39]} 44. Re8 {[%emt 0:00:00]} Bf4+ {[%emt 0:03:21]} 45. Kh4 {[%emt 0:00:00]} Bd7 {[%emt 0:04:07]} 46. Rb8 {[%emt 0:00:00]} Rg7 {[%emt 0:04:03]} 47. Bf8 {[%emt 0:00:00]} Bg3+ {[%emt 0:00:12]} 48. Kh5 {[%emt 0:00:00]} Bg4# {[%emt 0:00:35]} 0-1

[Event "106th British-ch Major 2019"]
[Site "Torquay"]
[Date "2019.08.04"]
[Round "9.9"]
[White "Cleary, Mark"]
[Black "Ward, Andy"]
[Result "1/2-1/2"]
[WhiteElo "2023"]
[BlackElo "1822"]
[Annotator "NA"]
[PlyCount "49"]
[EventDate "2019.07.27"]
[EventType "swiss"]
[EventCountry "GBR"]
[SourceTitle "playchess.com"]
[Source "ChessBase"]
[SourceQuality "1"]
[TimeControl "40/5400+30:1800+30"]

1. d4 {[%emt 0:00:00]} e6 {[%emt 0:00:00]} 2. c4 {[%emt 0:00:07]} f5 {[%emt 0:00:00]} 3. g3 {[%emt 0:00:19]} Nf6 {[%emt 0:00:00]} 4. Bg2 {[%emt 0:00:12]} Be7 {[%emt 0:00:04]} 5. Nf3 {[%emt 0:00:20]} O-O {[%emt 0:00:05]} 6. O-O {[%emt 0:00:16]} d6 {[%emt 0:00:04]} 7. Nc3 {[%emt 0:00:15]} Ne4 {[%emt 0:00:04]} 8. Nxe4 {[%emt 0:00:50]} fxe4 {[%emt 0:00:05]} 9. Nd2 {[%emt 0:00:37]} d5 {[%emt 0:00:04]} 10. f3 {[%emt 0:00:33]} Nc6 {[%emt 0:00:04]} 11. e3 {[%emt 0:01:25]} e5 {[%emt 0:03:12]} 12. cxd5 {[%emt 0:05:04]} Qxd5 {[%emt 0:00:21]} 13. fxe4 {[%emt 0:02:02]} Rxf1+ {[%emt 0:00:05]} 14. Qxf1 {[%emt 0:01:28]} Qa5 {[%emt 0:00:40]} 15. d5 {[%emt 0:14:05]} Nb4 {[%emt 0:01:34]} 16. Nc4 {[%emt 0:07:21]} Qc5 {[%emt 0:00:05]} 17. a3 {[%emt 0:02:46]} Nc2 {[%emt 0:01:24]} 18. b4 {[%emt 0:00:47]} Qb5 {[%emt 0:00:19]} 19. Ra2 {[%emt 0:00:55]} Qa4 {[%emt 0:01:21]} 20. Qe2 {[%emt 0:01:44]} b5 {[%emt 0:01:16]} 21. Nxe5 {[%emt 0:04:54]} Nxb4 {[%emt 0:01:38]} 22. axb4 {[%emt 0:00:40]} Qxb4 {[%emt 0:00:03]} 23. Nc6 {[%emt 0:00:37]} Qb1 {[%emt 0:00:20]} 24. Nxe7+ {[%emt 0:00:59]} Kf7 {[%emt 0:00:03]} 25. Qf1+ {[%emt 0:00:30]} 1/2-1/2

[Event "106th British-ch Major 2019"]
[Site "Torquay"]
[Date "2019.08.04"]
[Round "9.10"]
[White "Ifalore, Michael"]
[Black "Shaw, Peter"]
[Result "0-1"]
[WhiteElo "1907"]
[BlackElo "2068"]
[Annotator "NA"]
[PlyCount "68"]
[EventDate "2019.07.27"]
[EventType "swiss"]
[EventCountry "GBR"]
[SourceTitle "playchess.com"]
[Source "ChessBase"]
[SourceQuality "1"]
[TimeControl "40/5400+30:1800+30"]

1. c4 {[%emt 0:00:00]} f5 {[%emt 0:00:00]} 2. g3 {[%emt 0:00:00]} Nf6 {[%emt 0:00:00]} 3. Bg2 {[%emt 0:00:00]} e6 {[%emt 0:00:00]} 4. Nc3 {[%emt 0:00:00]} Be7 {[%emt 0:00:05]} 5. d3 {[%emt 0:00:11]} O-O {[%emt 0:00:14]} 6. e4 {[%emt 0:00:26]} fxe4 {[%emt 0:00:22]} 7. dxe4 {[%emt 0:00:05]} Nc6 {[%emt 0:00:18]} 8. Nge2 {[%emt 0:01:08]} Bc5 {[%emt 0:01:37]} 9. O-O {[%emt 0:03:04]} Ng4 {[%emt 0:01:15]} 10. Nf4 {[%emt 0:00:13]} Nxf2 {[%emt 0:01:07]} 11. Rxf2 {[%emt 0:00:55]} Bxf2+ {[%emt 0:00:29]} 12. Kxf2 {[%emt 0:00:09]} e5 {[%emt 0:00:16]} 13. Qd5+ {[%emt 0:01:29]} Kh8 {[%emt 0:00:15]} 14. Kg1 {[%emt 0:01:52]} exf4 {[%emt 0:00:25]} 15. Bxf4 {[%emt 0:00:05]} d6 {[%emt 0:01:55]} 16. Bg5 {[%emt 0:02:39]} Qe8 {[%emt 0:03:50]} 17. Nb5 {[%emt 0:07:14]} Rf7 {[%emt 0:01:56]} 18. Bf4 {[%emt 0:13:35]} Be6 {[%emt 0:02:57]} 19. Qd3 {[%emt 0:03:46]} Ne5 {[%emt 0:01:14]} 20. Qc3 {[%emt 0:01:04]} Bxc4 {[%emt 0:10:51]} 21. Bxe5 {[%emt 0:05:44]} Bxb5 {[%emt 0:00:47]} 22. Bd4 {[%emt 0:00:42]} Qe6 {[%emt 0:05:29]} 23. h4 {[%emt 0:02:13]} Qc4 {[%emt 0:02:24]} 24. h5 {[%emt 0:02:10]} Qxc3 {[%emt 0:00:29]} 25. Bxc3 {[%emt 0:00:03]} h6 {[%emt 0:00:26]} 26. e5 {[%emt 0:01:16]} Bc6 {[%emt 0:02:47]} 27. exd6 {[%emt 0:05:39]} Bxg2 {[%emt 0:00:17]} 28. dxc7 {[%emt 0:00:11]} Bc6 {[%emt 0:01:52]} 29. Be5 {[%emt 0:00:04]} Rc8 {[%emt 0:00:19]} 30. Rd1 {[%emt 0:00:14]} Rcxc7 {[%emt 0:00:21]} 31. Rd8+ {[%emt 0:00:25]} Kh7 {[%emt 0:00:07]} 32. Bxc7 {[%emt 0:00:03]} Rxc7 {[%emt 0:00:06]} 33. Rd2 {[%emt 0:00:39]} Rd7 {[%emt 0:00:20]} 34. Rf2 {[%emt 0:00:08]} Rd1+ {[%emt 0:00:12]} 0-1

[Event "106th British-ch Major 2019"]
[Site "Torquay"]
[Date "2019.08.04"]
[Round "9.11"]
[White "Sugden, John N"]
[Black "Rogacewicz, Mikolaj"]
[Result "1-0"]
[WhiteElo "2068"]
[BlackElo "1925"]
[Annotator "NA"]
[PlyCount "75"]
[EventDate "2019.07.27"]
[EventType "swiss"]
[EventCountry "GBR"]
[SourceTitle "playchess.com"]
[Source "ChessBase"]
[SourceQuality "1"]
[TimeControl "40/5400+30:1800+30"]

1. e4 {[%emt 0:00:00]} e6 {[%emt 0:00:00]} 2. d4 {[%emt 0:00:13]} d5 {[%emt 0:00:00]} 3. e5 {[%emt 0:00:29]} c5 {[%emt 0:00:00]} 4. c3 {[%emt 0:00:16]} Nc6 {[%emt 0:00:00]} 5. Nf3 {[%emt 0:00:34]} Bd7 {[%emt 0:00:10]} 6. Be2 {[%emt 0:02:29]} Nge7 {[%emt 0:01:37]} 7. Na3 {[%emt 0:04:06]} cxd4 {[%emt 0:02:41]} 8. cxd4 {[%emt 0:01:31]} Nf5 {[%emt 0:00:56]} 9. Nc2 {[%emt 0:00:57]} Rc8 {[%emt 0:00:58]} 10. O-O {[%emt 0:07:49]} Be7 {[%emt 0:02:15]} 11. Bd2 {[%emt 0:16:00]} b5 {[%emt 0:06:38]} 12. g4 {[%emt 0:12:21]} Nh4 {[%emt 0:03:19]} 13. Nxh4 {[%emt 0:00:49]} Bxh4 {[%emt 0:00:06]} 14. f4 {[%emt 0:01:11]} Be7 {[%emt 0:03:42]} 15. Kh1 {[%emt 0:03:11]} Qb6 {[%emt 0:06:11]} 16. Be3 {[%emt 0:02:42]} g6 {[%emt 0:08:15]} 17. Bd3 {[%emt 0:02:22]} Na5 {[%emt 0:05:58]} 18. Rf2 {[%emt 0:08:05]} h5 {[%emt 0:04:07]} 19. f5 {[%emt 0:02:17]} exf5 {[%emt 0:00:51]} 20. gxf5 {[%emt 0:00:12]} gxf5 {[%emt 0:01:23]} 21. b3 {[%emt 0:07:21]} Qg6 {[%emt 0:12:39]} 22. Rg2 {[%emt 0:01:20]} Qb6 {[%emt 0:02:09]} 23. Qd2 {[%emt 0:03:15]} Be6 {[%emt 0:03:09]} 24. Rf1 {[%emt 0:02:48]} Kd7 {[%emt 0:03:35]} 25. Bg5 {[%emt 0:03:58]} Nc6 {[%emt 0:04:47]} 26. Bxf5 {[%emt 0:01:18]} Qa5 {[%emt 0:03:37]} 27. Bxe6+ {[%emt 0:03:43]} fxe6 {[%emt 0:02:29]} 28. Qxa5 {[%emt 0:00:56]} Nxa5 {[%emt 0:00:05]} 29. Bxe7 {[%emt 0:00:33]} Kxe7 {[%emt 0:00:24]} 30. Rg7+ {[%emt 0:01:07]} Kd8 {[%emt 0:00:47]} 31. Nb4 {[%emt 0:03:34]} Rc7 {[%emt 0:03:39]} 32. Rff7 {[%emt 0:00:44]} Rc8 {[%emt 0:10:01]} 33. Rxa7 {[%emt 0:02:35]} Nc6 {[%emt 0:00:13]} 34. Nxc6+ {[%emt 0:00:29]} Rxc6 {[%emt 0:00:04]} 35. Ra8+ {[%emt 0:01:36]} Rc8 {[%emt 0:00:06]} 36. Rxc8+ {[%emt 0:00:54]} Kxc8 {[%emt 0:00:04]} 37. Ra7 {[%emt 0:01:55]} Kb8 {[%emt 0:00:32]} 38. Ra5 {[%emt 0:00:50]} 1-0

[Event "106th British-ch Major 2019"]
[Site "Torquay"]
[Date "2019.08.04"]
[Round "9.12"]
[White "Sheerin, Alex"]
[Black "Rice, Chris B"]
[Result "0-1"]
[WhiteElo "1845"]
[BlackElo "2040"]
[Annotator "NA"]
[PlyCount "38"]
[EventDate "2019.07.27"]
[EventType "swiss"]
[EventCountry "GBR"]
[SourceTitle "playchess.com"]
[Source "ChessBase"]
[SourceQuality "1"]
[TimeControl "40/5400+30:1800+30"]

1. d4 {[%emt 0:00:00]} Nf6 {[%emt 0:00:00]} 2. Nc3 {[%emt 0:00:00]} d5 {[%emt 0:00:09]} 3. Bf4 {[%emt 0:00:00]} a6 {[%emt 0:00:19]} 4. e3 {[%emt 0:00:13]} e6 {[%emt 0:00:20]} 5. Nf3 {[%emt 0:01:14]} c5 {[%emt 0:00:22]} 6. Ne5 {[%emt 0:03:33]} b5 {[%emt 0:04:36]} 7. Qf3 {[%emt 0:07:18]} Bb7 {[%emt 0:04:01]} 8. Be2 {[%emt 0:10:16]} Be7 {[%emt 0:14:25]} 9. Qg3 {[%emt 0:01:56]} O-O {[%emt 0:01:12]} 10. Bh6 {[%emt 0:05:28]} Ne8 {[%emt 0:01:31]} 11. Bh5 {[%emt 0:02:54]} Bh4 {[%emt 0:12:39]} 12. Qf4 {[%emt 0:16:27]} Qf6 {[%emt 0:07:30]} 13. Ng4 {[%emt 0:11:35]} Qf5 {[%emt 0:05:13]} 14. Qe5 {[%emt 0:23:01]} Nd7 {[%emt 0:25:55]} 15. Bxg7 {[%emt 0:04:00]} Nxe5 {[%emt 0:00:41]} 16. Nh6+ {[%emt 0:00:13]} Kxg7 {[%emt 0:00:06]} 17. Nxf5+ {[%emt 0:00:04]} exf5 {[%emt 0:00:15]} 18. dxe5 {[%emt 0:00:08]} Nc7 {[%emt 0:01:21]} 19. O-O-O {[%emt 0:00:30]} Bxf2 {[%emt 0:01:38]} 0-1